000 00449nam a2200157Ia 4500
999 _c19075
_d19075
003 OSt
005 20200625124459.0
008 190216s9999||||xx |||||||||||||| ||und||
040 _coclc
082 _a954
_bVAR/I
100 _aVarrier, N V Krishna
_93234
245 0 _aIndia Charitram /
_cN V Krishna Varrier ; Deva Das
260 _bS Chand & Co,
_aNew Delhi:
300 _a296p
942 _cBK
_2ddc
_h954
_iVAR/I
_k954
_mVAR/I